[Event "WCO 2016"]
[Site "?"]
[Date "2016.09.13"]
[Round "11"]
[Board "12"]
[WhiteID "13900790"]
[White "Vedmediuc Serghei"]
[BlackID "14506688"]
[Black "Brkic Ante"]
[Result "1/2-1/2"]
[BlackElo "2584"]
[WhiteElo "2437"]
[LiveChessVersion "1.4.8"]

1. e4 {[%clk 1:28:37]} e5 {[%clk 1:30:55]} 2. Nf3 {[%clk 1:29:02]} Nc6
{[%clk 1:31:19]} 3. Bb5 {[%clk 1:29:28]} a6 {[%clk 1:31:43]} 4. Ba4
{[%clk 1:29:53]} Nf6 {[%clk 1:32:10]} 5. O-O {[%clk 1:29:53]} Nxe4
{[%clk 1:32:13]} 6. d4 {[%clk 1:29:39]} b5 {[%clk 1:32:38]} 7. Bb3
{[%clk 1:30:03]} d5 {[%clk 1:33:05]} 8. dxe5 {[%clk 1:30:17]} Be6
{[%clk 1:33:31]} 9. Nbd2 {[%clk 1:29:38]} Nc5 {[%clk 1:33:49]} 10. c3
{[%clk 1:29:13]} Be7 {[%clk 1:34:03]} 11. Bc2 {[%clk 1:26:00]} d4
{[%clk 1:34:21]} 12. cxd4 {[%clk 1:18:45]} Nxd4 {[%clk 1:34:23]} 13. Nxd4
{[%clk 1:19:09]} Qxd4 {[%clk 1:34:48]} 14. Nf3 {[%clk 1:19:30]} Qxd1
{[%clk 1:34:51]} 15. Rxd1 {[%clk 1:10:46]} O-O {[%clk 1:35:14]} 16. Ng5
{[%clk 1:10:17]} h6 {[%clk 1:34:26]} 17. Nxe6 {[%clk 1:08:25]} Nxe6
{[%clk 1:34:36]} 18. Be3 {[%clk 0:56:19]} Bg5 {[%clk 1:17:08]} 19. Bxg5
{[%clk 0:47:22]} hxg5 {[%clk 1:17:23]} 20. Bb3 {[%clk 0:47:42]} Rad8
{[%clk 1:15:18]} 21. Bxe6 {[%clk 0:31:21]} fxe6 {[%clk 1:14:45]} 22. b4
{[%clk 0:29:20]} Kh7 {[%clk 0:54:47]} 23. h3 {[%clk 0:14:04]} Kg6
{[%clk 0:40:04]} 24. Rxd8 {[%clk 0:13:24]} Rxd8 {[%clk 0:40:32]} 25. Rc1
{[%clk 0:13:47]} Rd4 {[%clk 0:40:33]} 26. Rc6 {[%clk 0:11:20]} Kf5
{[%clk 0:33:38]} 27. a3 {[%clk 0:11:23]} Rc4 {[%clk 0:26:29]} 28. Rxa6
{[%clk 0:11:31]} Kxe5 {[%clk 0:26:43]} 29. Ra5 {[%clk 0:09:00]} c6
{[%clk 0:27:00]} 30. Ra7 {[%clk 0:08:03]} g6 {[%clk 0:24:28]} 31. g4
{[%clk 0:06:36]} 1/2-1/2

[Event "WCO 2016"]
[Site "?"]
[Date "2016.09.13"]
[Round "11"]
[Board "13"]
[WhiteID "13502956"]
[White "Zhigalko Sergei"]
[BlackID "14200244"]
[Black "Kasimdzhanov Rustam"]
[Result "1/2-1/2"]
[BlackElo "2696"]
[WhiteElo "2652"]
[LiveChessVersion "1.4.8"]

1. e4 {[%clk 1:30:57]} e5 {[%clk 1:30:56]} 2. Nf3 {[%clk 1:31:23]} Nc6
{[%clk 1:31:21]} 3. Bb5 {[%clk 1:31:47]} Nf6 {[%clk 1:31:47]} 4. d3
{[%clk 1:31:46]} Bc5 {[%clk 1:31:55]} 5. Bxc6 {[%clk 1:31:57]} dxc6
{[%clk 1:32:21]} 6. Be3 {[%clk 1:20:36]} Bd6 {[%clk 1:30:31]} 7. h3
{[%clk 1:19:47]} O-O {[%clk 1:28:42]} 8. Nc3 {[%clk 1:16:04]} Re8
{[%clk 1:27:08]} 9. Qd2 {[%clk 1:16:10]} Nd7 {[%clk 1:21:34]} 10. Bg5
{[%clk 1:07:51]} f6 {[%clk 1:05:04]} 11. Be3 {[%clk 1:08:11]} b5 {[%clk 0:59:48]}
12. g4 {[%clk 1:03:03]} a5 {[%clk 0:58:19]} 13. Nh4 {[%clk 0:54:44]} Nf8
{[%clk 0:56:05]} 14. Nf5 {[%clk 0:54:11]} Ne6 {[%clk 0:53:24]} 15. Ne2
{[%clk 0:33:53]} c5 {[%clk 0:49:31]} 16. f4 {[%clk 0:30:57]} exf4
{[%clk 0:36:11]} 17. Nxf4 {[%clk 0:30:25]} c4 {[%clk 0:26:42]} 18. O-O-O
{[%clk 0:29:36]} cxd3 {[%clk 0:22:30]} 19. cxd3 {[%clk 0:29:10]} Bxf4
{[%clk 0:20:37]} 20. Bxf4 {[%clk 0:29:36]} Nxf4 {[%clk 0:21:02]} 21. Qxf4
{[%clk 0:30:04]} Bxf5 {[%clk 0:21:26]} 22. gxf5 {[%clk 0:28:33]} Qd4
{[%clk 0:19:33]} 23. Qd2 {[%clk 0:17:27]} b4 {[%clk 0:06:42]} 24. Rhe1
{[%clk 0:12:59]} c5 {[%clk 0:06:25]} 25. Qe3 {[%clk 0:11:05]} Qd6
{[%clk 0:06:05]} 26. d4 {[%clk 0:07:14]} cxd4 {[%clk 0:03:38]} 27. Rxd4
{[%clk 0:07:40]} Qb6 {[%clk 0:03:14]} 28. Rd5 {[%clk 0:03:02]} Qb7
{[%clk 0:03:04]} 29. Qd3 {[%clk 0:02:58]} Re7 {[%clk 0:02:35]} 30. Rd8+
{[%clk 0:01:58]} Rxd8 {[%clk 0:02:56]} 31. Qxd8+ {[%clk 0:02:23]} Kf7
{[%clk 0:01:59]} 32. Qxa5 {[%clk 0:01:47]} Rxe4 {[%clk 0:00:31]} 1/2-1/2

[Event "WCO 2016"]
[Site "?"]
[Date "2016.09.13"]
[Round "11"]
[Board "14"]
[WhiteID "14201801"]
[White "Vakhidov Jahongir"]
[BlackID "13504398"]
[Black "Kovalev Vladislav"]
[Result "0-1"]
[BlackElo "2599"]
[WhiteElo "2583"]
[LiveChessVersion "1.4.8"]

1. d4 {[%clk 1:30:46]} Nf6 {[%clk 1:30:52]} 2. Nf3 {[%clk 1:30:52]} g6
{[%clk 1:31:13]} 3. g3 {[%clk 1:30:51]} Bg7 {[%clk 1:31:37]} 4. Bg2
{[%clk 1:30:56]} O-O {[%clk 1:31:50]} 5. O-O {[%clk 1:30:43]} c5 {[%clk 1:31:44]}
6. dxc5 {[%clk 1:31:03]} Na6 {[%clk 1:15:19]} 7. Be3 {[%clk 1:31:31]} Qc7
{[%clk 1:12:18]} 8. Na3 {[%clk 1:31:54]} Nxc5 {[%clk 1:08:45]} 9. Nb5
{[%clk 1:32:17]} Qb6 {[%clk 1:03:51]} 10. a4 {[%clk 1:32:44]} Ng4
{[%clk 0:59:15]} 11. Bd4 {[%clk 1:33:11]} Bxd4 {[%clk 0:49:05]} 12. Qxd4
{[%clk 1:33:34]} d6 {[%clk 0:47:45]} 13. b4 {[%clk 1:34:03]} Nxa4
{[%clk 0:43:01]} 14. c4 {[%clk 1:34:31]} Qxd4 {[%clk 0:36:16]} 15. Nfxd4
{[%clk 1:34:50]} e5 {[%clk 0:15:36]} 16. Nc7 {[%clk 1:30:27]} exd4
{[%clk 0:15:03]} 17. Nxa8 {[%clk 1:25:59]} Nc3 {[%clk 0:15:28]} 18. Nc7
{[%clk 1:17:39]} Nxe2+ {[%clk 0:14:09]} 19. Kh1 {[%clk 1:15:03]} Bf5
{[%clk 0:11:36]} 20. Nb5 {[%clk 0:34:10]} Bd3 {[%clk 0:11:42]} 21. h3
{[%clk 0:08:58]} Ne5 {[%clk 0:11:31]} 22. Rfd1 {[%clk 0:07:50]} Bxc4
{[%clk 0:08:16]} 23. Nxd6 {[%clk 0:08:19]} b5 {[%clk 0:08:25]} 24. Rd2
{[%clk 0:08:43]} d3 {[%clk 0:08:15]} 25. f4 {[%clk 0:07:46]} Nd7 {[%clk 0:08:36]}
26. Rxa7 {[%clk 0:08:10]} Nf6 {[%clk 0:06:10]} 27. Kh2 {[%clk 0:05:59]} Rd8
{[%clk 0:04:02]} 28. Ra6 {[%clk 0:05:52]} Kg7 {[%clk 0:03:50]} 29. f5
{[%clk 0:00:54]} Nd4 {[%clk 0:03:42]} 30. fxg6 {[%clk 0:01:15]} hxg6
{[%clk 0:03:44]} 31. Rf2 {[%clk 0:00:57]} Be6 {[%clk 0:01:34]} 32. Rd2
{[%clk 0:00:50]} Bc4 {[%clk 0:01:56]} 33. Rf2 {[%clk 0:00:38]} Be6
{[%clk 0:02:18]} 34. Rd2 {[%clk 0:00:55]} Bc4 {[%clk 0:00:58]} 35. Kg1
{[%clk 0:01:24]} Nb3 {[%clk 0:00:48]} 36. Rd1 {[%clk 0:01:50]} d2
{[%clk 0:00:58]} 37. Kf2 {[%clk 0:02:07]} Bd5 {[%clk 0:00:39]} 38. Ra3
{[%clk 0:00:58]} Bc4 {[%clk 0:00:39]} 39. Nxc4 bxc4 {[%clk 0:00:54]} 40. Ra2
{[%clk 0:30:34]} c3 {[%clk 0:30:33]} 41. Rc2 {[%clk 0:25:03]} Rd3
{[%clk 0:25:49]} 42. Ke2 {[%clk 0:09:34]} Rxg3 {[%clk 0:26:02]} 43. Kf2
{[%clk 0:10:03]} Nh5 {[%clk 0:22:41]} 44. Bd5 {[%clk 0:08:53]} Nd4
{[%clk 0:21:13]} 45. Rcxd2 {[%clk 0:09:21]} cxd2 {[%clk 0:21:24]} 46. Rxd2
{[%clk 0:09:50]} Nf5 {[%clk 0:18:57]} 47. b5 {[%clk 0:06:08]} Nf4
{[%clk 0:18:40]} 48. Bc6 {[%clk 0:06:20]} Nxh3+ {[%clk 0:18:33]} 49. Ke2
{[%clk 0:06:41]} Nf4+ {[%clk 0:17:40]} 50. Kd1 {[%clk 0:07:10]} Ne6
{[%clk 0:15:37]} 0-1

[Event "WCO 2016"]
[Site "?"]
[Date "2016.09.13"]
[Round "11"]
[Board "15"]
[WhiteID "13502247"]
[White "Zhigalko Andrey"]
[BlackID "14200988"]
[Black "Filippov Anton"]
[Result "1/2-1/2"]
[BlackElo "2582"]
[WhiteElo "2591"]
[LiveChessVersion "1.4.8"]

1. e4 {[%clk 1:30:58]} e5 {[%clk 1:30:51]} 2. Nf3 {[%clk 1:31:24]} Nc6
{[%clk 1:31:17]} 3. Bb5 {[%clk 1:31:49]} a6 {[%clk 1:31:34]} 4. Ba4
{[%clk 1:32:15]} Nf6 {[%clk 1:31:56]} 5. O-O {[%clk 1:32:39]} Be7
{[%clk 1:31:48]} 6. Re1 {[%clk 1:33:04]} b5 {[%clk 1:30:42]} 7. Bb3
{[%clk 1:33:30]} O-O {[%clk 1:31:09]} 8. c3 {[%clk 1:33:53]} d6 {[%clk 1:26:11]}
9. h3 {[%clk 1:34:13]} Na5 {[%clk 1:26:34]} 10. Bc2 {[%clk 1:34:38]} c5
{[%clk 1:27:01]} 11. d4 {[%clk 1:35:03]} Qc7 {[%clk 1:27:28]} 12. Nbd2
{[%clk 1:35:07]} Nc6 {[%clk 1:26:59]} 13. d5 {[%clk 1:34:21]} Nd8
{[%clk 1:26:49]} 14. a4 {[%clk 1:33:49]} Rb8 {[%clk 1:21:19]} 15. b4
{[%clk 1:33:54]} Bd7 {[%clk 1:14:39]} 16. bxc5 {[%clk 1:18:48]} Qxc5
{[%clk 1:07:28]} 17. axb5 {[%clk 1:17:35]} axb5 {[%clk 1:06:13]} 18. Ba3
{[%clk 0:36:39]} Qxc3 {[%clk 1:03:54]} 19. Re3 {[%clk 0:37:05]} Qc7
{[%clk 1:03:24]} 20. Bb4 {[%clk 0:25:01]} Be8 {[%clk 0:57:35]} 21. Rc3
{[%clk 0:24:29]} Qd7 {[%clk 0:55:58]} 22. Nb3 {[%clk 0:21:38]} Nb7
{[%clk 0:18:54]} 23. Bd3 {[%clk 0:12:02]} Bd8 {[%clk 0:17:02]} 24. Rc6
{[%clk 0:06:16]} Qe7 {[%clk 0:16:09]} 25. Ra7 {[%clk 0:06:35]} Bxc6
{[%clk 0:14:37]} 26. dxc6 {[%clk 0:07:01]} Bb6 {[%clk 0:14:47]} 27. Rxb7
{[%clk 0:07:10]} Rxb7 {[%clk 0:15:09]} 28. cxb7 {[%clk 0:07:34]} Qxb7
{[%clk 0:15:33]} 29. Bxd6 {[%clk 0:05:03]} Rd8 {[%clk 0:15:26]} 30. Bxe5
{[%clk 0:05:17]} Nxe4 {[%clk 0:12:28]} 31. Nbd4 {[%clk 0:04:22]} Nxf2
{[%clk 0:05:53]} 32. Kxf2 {[%clk 0:04:20]} Qd5 {[%clk 0:04:06]} 33. Qc2
{[%clk 0:01:21]} f6 {[%clk 0:02:41]} 34. Bxh7+ {[%clk 0:01:42]} Kh8
{[%clk 0:02:45]} 35. Be4 {[%clk 0:00:49]} Qc4 {[%clk 0:02:31]} 36. Qxc4
{[%clk 0:00:36]} bxc4 {[%clk 0:02:59]} 37. Ke2 {[%clk 0:00:32]} fxe5
{[%clk 0:03:07]} 38. Nc6 {[%clk 0:00:43]} Ra8 {[%clk 0:03:19]} 39. Nfxe5
{[%clk 0:00:41]} Ra2+ {[%clk 0:03:21]} 40. Kf3 {[%clk 0:30:33]} Rf2+
{[%clk 0:32:51]} 41. Kg4 {[%clk 0:24:53]} c3 {[%clk 0:30:43]} 42. Nb4
{[%clk 0:24:21]} Re2 {[%clk 0:28:31]} 43. Kf5 {[%clk 0:21:19]} Bc7
{[%clk 0:27:00]} 44. Nf7+ {[%clk 0:07:58]} Kh7 {[%clk 0:25:03]} 45. Ng5+
{[%clk 0:07:29]} Kh6 {[%clk 0:24:34]} 46. Nf7+ {[%clk 0:07:54]} Kh7
{[%clk 0:24:45]} 47. Ng5+ {[%clk 0:03:50]} Kh6 {[%clk 0:25:08]} 48. Kg4
{[%clk 0:02:57]} g6 {[%clk 0:24:14]} 49. Nc2 {[%clk 0:02:38]} Bd8
{[%clk 0:16:47]} 50. Nf7+ {[%clk 0:02:20]} Kg7 {[%clk 0:17:06]} 51. Nxd8
{[%clk 0:02:32]} Rxe4+ {[%clk 0:17:17]} 52. Kf3 {[%clk 0:03:00]} Re8
{[%clk 0:16:15]} 53. Nc6 {[%clk 0:03:25]} Kf6 {[%clk 0:16:37]} 54. N6d4
{[%clk 0:03:04]} Kg5 {[%clk 0:12:59]} 55. Ne3 {[%clk 0:02:18]} Kh4
{[%clk 0:11:27]} 56. Kf2 {[%clk 0:02:37]} Rf8+ {[%clk 0:09:53]} 57. Nf3+
{[%clk 0:03:00]} Kh5 {[%clk 0:10:18]} 58. Ke2 {[%clk 0:02:44]} Rd8
{[%clk 0:10:14]} 59. Nc2 {[%clk 0:02:18]} g5 {[%clk 0:09:40]} 60. g4+
{[%clk 0:02:19]} Kg6 {[%clk 0:09:39]} 61. Ncd4 {[%clk 0:01:51]} Rh8
{[%clk 0:09:08]} 62. Ng1 {[%clk 0:02:12]} Rd8 {[%clk 0:08:49]} 63. Kd3
{[%clk 0:01:40]} c2 {[%clk 0:09:04]} 64. Nge2 {[%clk 0:02:08]} Rh8
{[%clk 0:09:24]} 65. Nxc2 {[%clk 0:02:16]} Rxh3+ {[%clk 0:09:50]} 66. Ne3
{[%clk 0:01:26]} Rh8 {[%clk 0:09:45]} 67. Nd4 {[%clk 0:01:32]} Ra8
{[%clk 0:10:10]} 68. Nd5 {[%clk 0:00:54]} Ra1 {[%clk 0:09:53]} 69. Ke4
{[%clk 0:01:12]} Ra4 {[%clk 0:09:29]} 70. Ke5 {[%clk 0:01:28]} Kf7
{[%clk 0:08:25]} 71. Nc3 {[%clk 0:00:57]} Ra5+ {[%clk 0:08:32]} 72. Ke4
{[%clk 0:01:04]} Kg6 {[%clk 0:08:14]} 73. Nf3 {[%clk 0:01:13]} Ra3
{[%clk 0:08:01]} 74. Ne5+ {[%clk 0:01:12]} Kf6 {[%clk 0:06:53]} 75. Nd5+
{[%clk 0:01:25]} Ke6 {[%clk 0:06:57]} 76. Nf3 {[%clk 0:01:32]} Ra4+
{[%clk 0:06:30]} 77. Nd4+ {[%clk 0:01:56]} Kf7 {[%clk 0:06:18]} 78. Ke5
{[%clk 0:01:42]} Kg6 {[%clk 0:06:34]} 79. Ne7+ {[%clk 0:01:49]} 1/2-1/2

[Event "WCO 2016"]
[Site "?"]
[Date "2016.09.13"]
[Round "11"]
[Board "16"]
[WhiteID "14200236"]
[White "Dzhumaev Marat"]
[BlackID "13500139"]
[Black "Aleksandrov Aleksej"]
[Result "0-1"]
[BlackElo "2547"]
[WhiteElo "2450"]
[LiveChessVersion "1.4.8"]

1. e4 {[%clk 1:30:50]} e5 {[%clk 1:30:57]} 2. Nf3 {[%clk 1:31:00]} Nc6
{[%clk 1:31:22]} 3. Bc4 {[%clk 1:31:02]} Bc5 {[%clk 1:31:29]} 4. b4
{[%clk 1:31:23]} Bxb4 {[%clk 1:31:41]} 5. c3 {[%clk 1:31:46]} Ba5
{[%clk 1:31:42]} 6. d4 {[%clk 1:32:05]} d6 {[%clk 1:31:53]} 7. Qb3
{[%clk 1:32:25]} Qd7 {[%clk 1:29:00]} 8. O-O {[%clk 1:32:28]} Bb6
{[%clk 1:27:55]} 9. Bb5 {[%clk 1:32:39]} a6 {[%clk 1:23:04]} 10. Ba4
{[%clk 1:32:42]} Ba7 {[%clk 1:21:41]} 11. Na3 {[%clk 1:32:59]} b5
{[%clk 1:08:51]} 12. Nxb5 {[%clk 1:33:07]} axb5 {[%clk 1:09:14]} 13. Bxb5
{[%clk 1:33:29]} Nge7 {[%clk 1:07:59]} 14. d5 {[%clk 1:33:44]} O-O
{[%clk 0:59:35]} 15. dxc6 {[%clk 1:33:41]} Qe8 {[%clk 0:58:28]} 16. a4
{[%clk 1:00:08]} Nxc6 {[%clk 0:55:02]} 17. a5 {[%clk 0:53:08]} Bd7
{[%clk 0:54:12]} 18. a6 {[%clk 0:48:18]} Bb6 {[%clk 0:45:40]} 19. Be2
{[%clk 0:37:36]} Kh8 {[%clk 0:40:29]} 20. Nd2 {[%clk 0:36:44]} f5
{[%clk 0:29:36]} 21. exf5 {[%clk 0:34:42]} Bxf5 {[%clk 0:22:16]} 22. Nc4
{[%clk 0:35:02]} Ba7 {[%clk 0:22:19]} 23. Ne3 {[%clk 0:32:02]} Be6
{[%clk 0:16:52]} 24. Qd1 {[%clk 0:32:16]} Ne7 {[%clk 0:09:37]} 25. Rb1
{[%clk 0:24:08]} Bc5 {[%clk 0:07:25]} 26. Ra1 {[%clk 0:21:40]} Ng6
{[%clk 0:02:59]} 27. g3 {[%clk 0:05:12]} Bh3 {[%clk 0:02:15]} 28. Bf3
{[%clk 0:05:08]} Ra7 {[%clk 0:02:15]} 29. Ng2 {[%clk 0:04:51]} Qb5
{[%clk 0:00:54]} 30. Be4 {[%clk 0:04:45]} Qd7 {[%clk 0:00:48]} 31. Be3
{[%clk 0:04:51]} Bxe3 {[%clk 0:00:52]} 32. fxe3 {[%clk 0:05:13]} Rxf1+
{[%clk 0:01:12]} 33. Qxf1 {[%clk 0:05:24]} d5 {[%clk 0:01:07]} 34. Qb1
{[%clk 0:03:05]} Ne7 {[%clk 0:01:03]} 35. Qb7 {[%clk 0:01:22]} Nc6
{[%clk 0:01:06]} 36. Rf1 {[%clk 0:00:41]} g6 {[%clk 0:01:07]} 37. Qb3
{[%clk 0:00:41]} dxe4 {[%clk 0:01:09]} 38. Rf8+ {[%clk 0:00:45]} Kg7
{[%clk 0:01:38]} 39. Qg8+ {[%clk 0:01:01]} Kh6 {[%clk 0:02:07]} 40. Rf7
{[%clk 0:31:02]} Qd1+ {[%clk 0:32:23]} 41. Rf1 {[%clk 0:31:18]} Qd8
{[%clk 0:28:11]} 42. Rf8 {[%clk 0:31:39]} Be6 {[%clk 0:12:01]} 43. Qh8
{[%clk 0:17:08]} Qe7 {[%clk 0:07:14]} 44. Rf6 {[%clk 0:03:36]} Rxa6
{[%clk 0:04:05]} 45. Nh4 {[%clk 0:01:27]} Ra1+ {[%clk 0:04:22]} 46. Kg2
{[%clk 0:01:31]} Ra2+ {[%clk 0:02:58]} 47. Kg1 {[%clk 0:01:55]} Ra1+
{[%clk 0:02:18]} 48. Kg2 {[%clk 0:02:17]} Qd7 {[%clk 0:02:08]} 49. g4
{[%clk 0:00:42]} Qd2+ {[%clk 0:01:59]} 50. Rf2 {[%clk 0:00:35]} Qd8
{[%clk 0:02:24]} 0-1

[Event "WCO 2016"]
[Site "?"]
[Date "2016.09.13"]
[Round "11"]
[Board "17"]
[WhiteID "1910850"]
[White "Ferreira Jorge Viterbo"]
[BlackID "2209390"]
[Black "Shirov Alexei"]
[Result "0-1"]
[BlackElo "2673"]
[WhiteElo "2511"]
[LiveChessVersion "1.4.8"]

1. Nf3 {[%clk 1:30:56]} d5 {[%clk 1:30:23]} 2. c4 {[%clk 1:31:07]} c6
{[%clk 1:30:25]} 3. e3 {[%clk 1:31:18]} Nf6 {[%clk 1:29:47]} 4. Nc3
{[%clk 1:31:32]} Nbd7 {[%clk 1:25:32]} 5. cxd5 {[%clk 1:23:36]} cxd5
{[%clk 1:25:58]} 6. d4 {[%clk 1:23:54]} a6 {[%clk 1:26:14]} 7. Bd3
{[%clk 1:22:53]} b5 {[%clk 1:26:13]} 8. O-O {[%clk 1:07:13]} Bb7 {[%clk 1:21:42]}
9. Ne5 {[%clk 1:02:30]} e6 {[%clk 1:21:23]} 10. f4 {[%clk 1:01:58]} Be7
{[%clk 1:21:36]} 11. Bd2 {[%clk 0:56:07]} O-O {[%clk 1:21:02]} 12. Rf3
{[%clk 0:52:25]} Ne4 {[%clk 1:14:19]} 13. Rh3 {[%clk 0:48:32]} f5
{[%clk 1:00:05]} 14. Bxe4 {[%clk 0:31:18]} dxe4 {[%clk 0:57:53]} 15. Qh5
{[%clk 0:19:04]} Nf6 {[%clk 0:52:31]} 16. Qh4 {[%clk 0:19:28]} h6
{[%clk 0:50:11]} 17. Qg3 {[%clk 0:17:20]} Kh8 {[%clk 0:46:56]} 18. Ng6+
{[%clk 0:16:16]} Kh7 {[%clk 0:47:18]} 19. Nxf8+ {[%clk 0:16:11]} Qxf8
{[%clk 0:47:42]} 20. Nd1 {[%clk 0:13:51]} Rc8 {[%clk 0:46:29]} 21. Qe1
{[%clk 0:13:05]} b4 {[%clk 0:44:28]} 22. Nf2 {[%clk 0:12:24]} Rc2
{[%clk 0:42:20]} 23. Qd1 {[%clk 0:11:13]} Qc8 {[%clk 0:39:35]} 24. Rc1
{[%clk 0:11:10]} Rxc1 {[%clk 0:39:58]} 25. Bxc1 {[%clk 0:10:56]} Qc4
{[%clk 0:37:04]} 26. g4 {[%clk 0:09:00]} Qxa2 {[%clk 0:27:22]} 27. g5
{[%clk 0:09:12]} Nd5 {[%clk 0:27:39]} 28. Rg3 {[%clk 0:02:49]} Qb1
{[%clk 0:21:37]} 29. h4 {[%clk 0:03:15]} Bc6 {[%clk 0:17:55]} 30. gxh6
{[%clk 0:02:53]} Bxh4 {[%clk 0:05:52]} 31. Rxg7+ {[%clk 0:03:14]} Kxh6
{[%clk 0:06:18]} 32. Rg8 {[%clk 0:02:59]} Nxe3 {[%clk 0:06:27]} 33. Rh8+
{[%clk 0:00:57]} Kg7 {[%clk 0:06:45]} 34. Qh5 {[%clk 0:01:17]} Qxc1+
{[%clk 0:07:10]} 35. Kh2 {[%clk 0:01:36]} Bg3+ {[%clk 0:07:34]} 0-1

[Event "WCO 2016"]
[Site "?"]
[Date "2016.09.13"]
[Round "11"]
[Board "18"]
[WhiteID "14117908"]
[White "Kovalenko Igor"]
[BlackID "1900030"]
[Black "Damaso Rui"]
[Result "1-0"]
[BlackElo "2444"]
[WhiteElo "2651"]
[LiveChessVersion "1.4.8"]

1. d4 {[%clk 1:30:57]} Nf6 {[%clk 1:30:49]} 2. c4 {[%clk 1:31:24]} g6
{[%clk 1:30:26]} 3. Nc3 {[%clk 1:31:49]} Bg7 {[%clk 1:30:44]} 4. e4
{[%clk 1:32:16]} d6 {[%clk 1:30:58]} 5. h3 {[%clk 1:32:19]} O-O {[%clk 1:31:07]}
6. Be3 {[%clk 1:32:47]} c5 {[%clk 1:18:08]} 7. d5 {[%clk 1:32:03]} e6
{[%clk 1:17:54]} 8. Nf3 {[%clk 1:32:29]} exd5 {[%clk 1:16:19]} 9. cxd5
{[%clk 1:32:50]} a6 {[%clk 1:07:05]} 10. a4 {[%clk 1:33:14]} Nbd7
{[%clk 1:07:24]} 11. Be2 {[%clk 1:32:49]} b6 {[%clk 1:04:03]} 12. O-O
{[%clk 1:33:08]} Ra7 {[%clk 1:03:44]} 13. Nd2 {[%clk 1:30:44]} Ne8
{[%clk 1:02:22]} 14. f4 {[%clk 1:30:15]} f5 {[%clk 1:01:01]} 15. exf5
{[%clk 1:29:33]} gxf5 {[%clk 0:56:26]} 16. Bd3 {[%clk 1:18:15]} Ndf6
{[%clk 0:48:51]} 17. Nc4 {[%clk 1:13:21]} Re7 {[%clk 0:43:43]} 18. Bf2
{[%clk 1:06:33]} Ne4 {[%clk 0:40:53]} 19. Bxe4 {[%clk 1:06:46]} fxe4
{[%clk 0:41:18]} 20. Bh4 {[%clk 1:07:10]} Bd4+ {[%clk 0:30:23]} 21. Kh1
{[%clk 1:04:39]} Bf6 {[%clk 0:24:52]} 22. Bg5 {[%clk 0:56:00]} Ng7
{[%clk 0:21:53]} 23. Kh2 {[%clk 0:42:34]} e3 {[%clk 0:16:29]} 24. Qd3
{[%clk 0:40:37]} Bf5 {[%clk 0:12:19]} 25. Qe2 {[%clk 0:41:04]} Bg6
{[%clk 0:09:45]} 26. g4 {[%clk 0:37:43]} h5 {[%clk 0:08:54]} 27. Bxf6
{[%clk 0:34:56]} Rxf6 {[%clk 0:09:19]} 28. f5 {[%clk 0:35:25]} Be8
{[%clk 0:07:09]} 29. Rae1 {[%clk 0:34:52]} hxg4 {[%clk 0:06:50]} 30. Qxg4
{[%clk 0:35:15]} Bd7 {[%clk 0:06:20]} 31. Nxe3 {[%clk 0:35:31]} Qe8
{[%clk 0:05:00]} 32. Qg5 {[%clk 0:35:32]} 1-0

[Event "WCO 2016"]
[Site "?"]
[Date "2016.09.13"]
[Round "11"]
[Board "19"]
[WhiteID "1900021"]
[White "Fernandes Antonio"]
[BlackID "11602740"]
[Black "Meskovs Nikita"]
[Result "1/2-1/2"]
[BlackElo "2476"]
[WhiteElo "2413"]
[LiveChessVersion "1.4.8"]

1. d4 {[%clk 1:30:46]} Nf6 {[%clk 1:30:55]} 2. c4 {[%clk 1:31:05]} g6
{[%clk 1:30:20]} 3. Nf3 {[%clk 1:29:41]} Bg7 {[%clk 1:30:45]} 4. g3
{[%clk 1:29:52]} O-O {[%clk 1:31:08]} 5. Bg2 {[%clk 1:30:21]} d6 {[%clk 1:31:32]}
6. O-O {[%clk 1:25:39]} Nc6 {[%clk 1:31:58]} 7. Nc3 {[%clk 1:24:46]} Rb8
{[%clk 1:32:00]} 8. h3 {[%clk 1:03:02]} a6 {[%clk 1:31:09]} 9. e4
{[%clk 1:02:37]} Nd7 {[%clk 1:04:29]} 10. Be3 {[%clk 0:58:37]} e5
{[%clk 0:56:59]} 11. Qd2 {[%clk 0:49:58]} exd4 {[%clk 0:49:25]} 12. Nxd4
{[%clk 0:50:17]} Nde5 {[%clk 0:49:13]} 13. Qe2 {[%clk 0:45:27]} Nxd4
{[%clk 0:39:25]} 14. Bxd4 {[%clk 0:45:51]} Nf3+ {[%clk 0:39:51]} 15. Qxf3
{[%clk 0:45:54]} Bxd4 {[%clk 0:40:17]} 16. Rfd1 {[%clk 0:43:53]} Qf6
{[%clk 0:36:57]} 17. Qxf6 {[%clk 0:39:03]} Bxf6 {[%clk 0:35:45]} 18. Nd5
{[%clk 0:39:03]} Bd8 {[%clk 0:26:25]} 19. Rac1 {[%clk 0:29:27]} c6
{[%clk 0:23:57]} 20. Nf4 {[%clk 0:28:32]} Be7 {[%clk 0:24:04]} 21. Rc2
{[%clk 0:27:15]} Re8 {[%clk 0:23:22]} 22. b4 {[%clk 0:05:27]} Bf8
{[%clk 0:14:40]} 23. b5 {[%clk 0:04:21]} axb5 {[%clk 0:13:59]} 24. cxb5
{[%clk 0:04:50]} Bd7 {[%clk 0:14:22]} 25. Rb1 {[%clk 0:02:43]} Rec8
{[%clk 0:13:15]} 26. Rcb2 {[%clk 0:01:54]} Bg7 {[%clk 0:11:14]} 27. Rd2
{[%clk 0:02:13]} Be5 {[%clk 0:11:43]} 28. Nd3 {[%clk 0:02:19]} Bc3
{[%clk 0:12:12]} 29. Rdd1 {[%clk 0:01:06]} Kg7 {[%clk 0:05:41]} 30. Nc5
{[%clk 0:01:06]} 1/2-1/2

[Event "WCO 2016"]
[Site "?"]
[Date "2016.09.13"]
[Round "11"]
[Board "20"]
[WhiteID "11601884"]
[White "Sveshnikov Vladimir"]
[BlackID "1917617"]
[Black "Sousa Andre Ventura"]
[Result "1-0"]
[BlackElo "2379"]
[WhiteElo "2404"]
[LiveChessVersion "1.4.8"]

1. d4 {[%clk 1:30:57]} Nf6 {[%clk 1:30:48]} 2. Nf3 {[%clk 1:31:23]} g6
{[%clk 1:31:12]} 3. c4 {[%clk 1:31:42]} Bg7 {[%clk 1:31:37]} 4. Nc3
{[%clk 1:31:43]} d6 5. g3 {[%clk 1:32:03]} O-O {[%clk 1:32:19]} 6. Bg2
{[%clk 1:32:30]} c5 {[%clk 1:32:29]} 7. dxc5 {[%clk 1:32:57]} dxc5
{[%clk 1:32:30]} 8. O-O {[%clk 1:33:21]} Nc6 {[%clk 1:32:50]} 9. Bf4
{[%clk 1:33:48]} Be6 {[%clk 1:30:55]} 10. Ne5 {[%clk 1:34:15]} Na5
{[%clk 0:51:32]} 11. Qc2 {[%clk 1:20:13]} Nh5 {[%clk 0:46:37]} 12. Rad1
{[%clk 1:19:22]} Qe8 {[%clk 0:46:37]} 13. Nd5 {[%clk 1:13:44]} Nxf4
{[%clk 0:46:00]} 14. gxf4 {[%clk 1:09:55]} Rc8 {[%clk 0:45:48]} 15. Rd2
{[%clk 1:04:56]} Bf5 {[%clk 0:40:52]} 16. Qc3 {[%clk 0:50:42]} Nc6
{[%clk 0:39:44]} 17. Qg3 {[%clk 0:49:00]} Be6 {[%clk 0:25:08]} 18. e3
{[%clk 0:35:55]} Na5 {[%clk 0:23:43]} 19. b3 {[%clk 0:30:05]} Bxd5
{[%clk 0:22:26]} 20. Rxd5 {[%clk 0:25:49]} e6 {[%clk 0:21:30]} 21. Rd6
{[%clk 0:26:09]} Rd8 {[%clk 0:19:29]} 22. Rfd1 {[%clk 0:22:49]} Rxd6
{[%clk 0:19:52]} 23. Rxd6 {[%clk 0:23:12]} Qb8 {[%clk 0:20:17]} 24. Rd7
{[%clk 0:22:27]} Rd8 {[%clk 0:16:38]} 25. Qh4 {[%clk 0:21:00]} Rxd7
{[%clk 0:15:51]} 26. Nxd7 {[%clk 0:21:24]} Qd6 {[%clk 0:13:18]} 27. Qd8+
{[%clk 0:21:21]} Bf8 {[%clk 0:14:13]} 28. Nf6+ {[%clk 0:20:25]} Kh8
{[%clk 0:14:38]} 29. Qxa5 {[%clk 0:20:48]} Qd1+ {[%clk 0:14:48]} 30. Bf1
{[%clk 0:21:12]} Bg7 {[%clk 0:14:20]} 31. Qxc5 {[%clk 0:20:54]} 1-0